000 00649nam a22002057a 4500
005 20240116121848.0
010 _aENG-138905
020 _a784775401552
035 _aEN-122437
037 _bDBAD/PUB
082 _a880
100 _aMatsushita, Tomonori
_960973
245 _aA Glossarial Concordance to William Langland's The Vision of Piers Plowman The A Text /
250 _a2009
260 _bShohakusha Publishing Co., Ltd.
_aJapan
_c2009
270 _a1-6-1 Iida bashi, Chiyoda-ku, Tokyo, Japan-1020072
300 _a603 p.
_c32 cm(hbk)
710 _aRoma Chatterjee
_eEditor
_959600
942 _2ddc
_cEN
_h880
_mMAT
999 _c200157
_d200157